000 00304nam a22001337a 4500
008 190304b xxu||||| |||| 00| 0 eng d
020 _a0075576384
041 _aeng
080 _23rd
_a330.722.6
100 _a61
101 _aKF
245 _aIntermediate Accounting
_cChasteen,L.G
942 _2udc
_cBK
999 _c54405
_d54405